000
00304nam a22001457a 4500
003
SGT
020
_a
8186356088
082
_a
353
_b
BAR
100
_a
DE BARIN
245
_a
CORRUPTION UNLIMITED
250
_a
1
260
_a
CALCUTTA
_b
SRI AUROBINDO UNIVERSAL
_c
1995
300
_a
262
942
_2
ddc
_c
BK
999
_c
29249
_d
29249